Tras las huellas de Maximiliano Kolbe / (Record no. 141577)

MARC details
000 -LEADER
campo de control de longitud fija 00654nam a2200193 i 4500
001 - NÚMERO DE CONTROL
campo de control 141577
003 - IDENTIFICADOR DE NÚMERO DE CONTROL
campo de control ES-MaACL
007 - CAMPO FIJO DE DESCRIPCIÓN FÍSICA--INFORMACIÓN GENERAL
campo de control de longitud fija t|
008 - DATOS DE LONGITUD FIJA--INFORMACIÓN GENERAL
campo de control de longitud fija 070925s1982 sp ||||1| spa d
080 ## - NÚMERO DE LA CLASIFICACIÓN DECIMAL UNIVERSAL
Número de la Clasificación Decimal Universal 929 Maximiliano Kolbe, Santo
100 1# - ENTRADA PRINCIPAL--NOMBRE DE PERSONA
Nombre de persona Villepelée, Jean-François.
9 (RLIN) 115251
245 10 - MENCIÓN DEL TÍTULO
Título Tras las huellas de Maximiliano Kolbe /
Mención de responsabilidad, etc. Jean-François Villepelée ; [traducido por Valentín Redondo].
260 ## - PUBLICACIÓN, DISTRIBUCIÓN, ETC.
Lugar de publicación, distribución, etc. [Madrid] :
Nombre del editor, distribuidor, etc. Edic. Paulinas,
Fecha de publicación, distribución, etc. [1982]
300 ## - DESCRIPCIÓN FÍSICA
Extensión 159 p. ;
Dimensiones 21 cm.
600 04 - PUNTO DE ACCESO ADICIONAL DE MATERIA--NOMBRE DE PERSONA
Nombre de persona Maximiliano Kolbe,
Títulos y otros términos asociados al nombre Santo,
Fechas asociadas al nombre 1894-1941
9 (RLIN) 79304
700 1# - ENTRADA AGREGADA--NOMBRE PERSONAL
Nombre de persona Redondo, Valentín.
9 (RLIN) 95824
852 ## - LOCALIZACIÓN
Ubicación ES-MaACL
Número de control de estantería L-3892
Sublocalización o colección R.104875
Holdings
Estatus retirado Estado de pérdida Estado de daño No para préstamo Biblioteca de origen Biblioteca actual Ubicación en estantería Fecha de adquisición Fuente de adquisición Total de préstamos Signatura topográfica completa Código de barras Visto por última vez Precio de reemplazo Tipo de ítem Koha
        Biblioteca del Ateneo de Madrid Biblioteca del Ateneo de Madrid Depósito 2 17/01/2008     L-3892 1147314 23/02/2023 23/02/2023 Libro impreso